[Event "Barcelona Escacs CC tt"]
[Site "Barcelona"]
[Date "2007.05.12"]
[Round "5"]
[White "Casset Bello, Elena"]
[Black "Rius Selva, Joan"]
[Result "1-0"]
[WhiteElo "1934"]
[BlackElo "1792"]
[PlyCount "51"]
[EventDate "2007.04.14"]
[EventType "team"]
[EventRounds "7"]
[EventCountry "ESP"]
[SourceTitle "EXT 2009"]
[Source "ChessBase"]
[SourceDate "2008.11.26"]
[SourceVersion "1"]
[SourceVersionDate "2008.11.26"]
[SourceQuality "1"]

1. d4 d5 2. c4 e6 3. Nc3 c5 4. cxd5 exd5 5. Nf3 Nf6 6. Bg5 cxd4 7. Nxd4 Be7 8. Qb3 Nc6 9. Nxc6 bxc6 10. e3 0-0 11. Be2 Be6 12. Qc2 h6 13. Bf4 c5 14. 0-0 d4 15. Rfd1 Rc8 16. Nb5 Qb6 17. Na3 Nd5 18. Nc4 Qd8 19. Bg3 Bf6 20. a3 Nb6 21. Nd6 Rc6 22. exd4 Nd5 23. dxc5 Be7 24. Bb5 Bxd6 25. Bxc6 Bxg3 26. hxg3 1-0